000 00467nam a2200169Ia 4500
008 230917s9999||||xx |||||||||||||| ||und||
020 _cGBP116
040 _e258141
_aMAIN
041 _aEnglish
082 _a572.838 P939M
100 _aPrihadarshini, Anjali
245 0 _aMolecular biology: Different facets
260 _aCanada
_bApple Academic Press
_c2018
300 _axvi, 317 p.
500 _a3650 07/10/2019 IBS19/127 09/10/2019 Main Budget
942 _cBK
999 _c33060
_d33060